000 00796nam a2200169 a 4500
008 120416s1982 xx |||||||||||||| || u
050 _aHD 31 Hod
100 _aHodgetts, Richard M
245 1 0 _aManagement: theory, process, and practice. (3rd ed.)
250 _a3rd ed.
260 _c1982
350 _a0.00
650 0 _aMANAGEMENT
995 _aBINDERY (DAMAGED)
_D0.00
_e704423
_FCBU-MAIN LIBRARY (Kitwe)
_H3
_I0.00
_jHD 31 Hod
_M3
_UDAMAGED
_y704423
_ZMain Library Open Access Collection
995 _aBINDERY (DAMAGED)
_D0.00
_e704424
_FCBU-MAIN LIBRARY (Kitwe)
_H1
_I0.00
_jHD 31 Hod
_UDAMAGED
_WMay 15, 2009
_y704424
_ZMain Library Open Access Collection
995 _aBINDERY (DAMAGED)
_D0.00
_e704292
_FCBU-MAIN LIBRARY (Kitwe)
_H1
_I0.00
_jHD 31 Hod
_M1
_UDAMAGED
_y704292
_ZMain Library Open Access Collection
999 _c82489
_d82489